Pharmacology for Rehabilitation Professionals (Record no. 5882)
[ view plain ]
| 000 -LEADER | |
|---|---|
| fixed length control field | 00540nam a22002057a 4500 |
| 003 - CONTROL NUMBER IDENTIFIER | |
| control field | OSt |
| 005 - DATE AND TIME OF LATEST TRANSACTION | |
| control field | 20171127141057.0 |
| 008 - FIXED-LENGTH DATA ELEMENTS--GENERAL INFORMATION | |
| fixed length control field | 171127b xxu||||| |||| 00| 0 eng d |
| 020 ## - INTERNATIONAL STANDARD BOOK NUMBER | |
| International Standard Book Number | 9781437707571 |
| 040 ## - CATALOGING SOURCE | |
| Transcribing agency | DNLM |
| 050 ## - LIBRARY OF CONGRESS CALL NUMBER | |
| Classification number | QV38 G451p 2011 |
| 100 ## - MAIN ENTRY--PERSONAL NAME | |
| Personal name | Gladson, Barbara |
| 9 (RLIN) | 12256 |
| 245 ## - TITLE STATEMENT | |
| Title | Pharmacology for Rehabilitation Professionals |
| 250 ## - EDITION STATEMENT | |
| Edition statement | 2nd ed. |
| 260 ## - PUBLICATION, DISTRIBUTION, ETC. (IMPRINT) | |
| Place of publication, distribution, etc. | Missouri; Elsevier, 2011 |
| 300 ## - PHYSICAL DESCRIPTION | |
| Extent | xi,528p;ill: 28cm |
| 504 ## - BIBLIOGRAPHY, ETC. NOTE | |
| Bibliography, etc | References, & index included |
| 650 ## - SUBJECT ADDED ENTRY--TOPICAL TERM | |
| Topical term or geographic name as entry element | Pharmacology |
| 9 (RLIN) | 357 |
| 942 ## - ADDED ENTRY ELEMENTS (KOHA) | |
| Source of classification or shelving scheme | Other/Generic Classification Scheme |
| Koha item type | Book Bank |
| Withdrawn status | Lost status | Source of classification or shelving scheme | Damaged status | Not for loan | Home library | Current library | Date acquired | Source of acquisition | Inventory number | Total Checkouts | Full call number | Barcode | Date last seen | Koha item type | Date last checked out |
|---|---|---|---|---|---|---|---|---|---|---|---|---|---|---|---|
| Other/Generic Classification Scheme | MUST Main Library | MUST Main Library | 27/11/2017 | 17/40336 | QV38 G451p 2011 | 2017-0902 | 27/11/2017 | Open Shelf | |||||||
| Other/Generic Classification Scheme | MUST Main Library | MUST Main Library | 27/11/2017 | 17/40337 | 2 | QV38 G451p 2011 | 2017-0903 | 06/06/2024 | Open Shelf | 06/11/2023 | |||||
| Other/Generic Classification Scheme | MUST Main Library | MUST Main Library | 27/11/2017 | 17/40338 | QV38 G451p 2011 | 2017-0904 | 27/11/2017 | Open Shelf |
